书目信息 |
| 题名: |
魅力!中外节目主持人
|
|
| 作者: | 朱光烈 编 | |
| 分册: | ||
| 出版信息: | 天津 天津人民出版社 1989 |
|
| 页数: | 297页 | |
| 开本: | 20cm | |
| 丛书名: | ||
| 单 册: | ||
| 中图分类: | G22 | |
| 科图分类: | ||
| 主题词: | 广播事业 , 电视事业 | |
| 电子资源: | ||
| ISBN: | 7-201-00270-8 | |
| 000 | 00574nam0 2200205 450 | |
| 001 | 0731655845 | |
| 005 | 20070725091537.32 | |
| 010 | @a7-201-00270-8@dCNY3.90 | |
| 100 | @a20070722d1989 km y0chiy0120 ea | |
| 101 | 0 | @achi |
| 102 | @aCN@b120000 | |
| 200 | 1 | @a魅力!中外节目主持人@Amei li!zhong wai jie mu zhu chi ren@f朱光烈编@Fzhu guang lie bian |
| 210 | @a天津@c天津人民出版社@d1989 | |
| 215 | @a297页@d20cm | |
| 606 | 0 | @a广播事业 |
| 606 | 0 | @a电视事业 |
| 690 | @aG22@v3 | |
| 701 | 0 | @a朱光烈@Azhu guang lie@4编 |
| 801 | 0 | @aCN@bPFT@c20070725 |
| 905 | @a10447@dG22@e51 | |
| 魅力!中外节目主持人/朱光烈编.-天津:天津人民出版社,1989 |
| 297页;20cm |
| ISBN 7-201-00270-8:CNY3.90 |
| ● |
| 相关链接 |
|
|
|
|
正题名:魅力!中外节目主持人
索取号:G22/51
 
预约/预借
| 序号 | 登录号 | 条形码 | 馆藏地/架位号 | 状态 | 备注 |
| 1 | 0766987 | 207669879 | 第一样本阅览室/ [索取号:G22/51] | 在馆 |